000 00921nmm a2200277 a 4500
001 ocm0001864747
003 TR-IsHL
005 20201028171912.0
008 180414s2017 tu eng
007 cr cn
020 _a9786059496254
035 _a1864747
_b(N$T)
050 0 4 _aPZ7.C1253
_bC35 2017
090 0 4 _aPZ7.C1253
_bC35 2017
100 1 _aCaldecott, Randolph
245 1 0 _aThe babes in the wood
_h[electronic resource] /
_cRandolph Caldecott ; illustrated by Randolph Caldecott
260 _aİstanbul :
_be-Kitap Projesi & Cheapest Books,
_c2017
300 _a34 p.
650 4 _aDil ve Edebiyat
650 4 _aLanguage and Literature
650 0 _aYetimler
_x Roman
650 0 _aOrphans
_x Fiction
650 7 _aJUVENILE FICTION / General
_2bisacsh
700 1 _aCaldecott, Randolph
856 4 0 _uhttp://search.ebscohost.com/login.aspx?direct=true&scope=site&db=e011xww&AN=1864747
999 _c16935
_d16935